Vlastná sociálna sieť na báze riešení open source bakalárska práca

Gespeichert in:
Bibliographische Detailangaben
1. Verfasser: Petráš, Samuel
Körperschaft: Fakulta hospodárskej informatiky EU. Katedra aplikovanej informatiky
Weitere Verfasser: Sojka, Pavol, 1978-
Format: Buch
Sprache:Slowakisch
Veröffentlicht: Bratislava 2019
Tags: Tag hinzufügen
Keine Tags, Fügen Sie das erste Tag hinzu!

MARC

LEADER 00000nbm a2200000 4500
001 0255921
005 20191206095136.1
041 0 |a slo 
044 |a SK 
245 1 0 |a Vlastná sociálna sieť na báze riešení open source  |b bakalárska práca  |c Samuel Petráš ; školiteľ: Pavol Sojka 
264 1 |a Bratislava  |c 2019 
300 |a 41 s. 
100 1 |a Petráš, Samuel 
700 1 |a Sojka, Pavol, 1978- 
710 2 |a Fakulta hospodárskej informatiky EU. Katedra aplikovanej informatiky